000 00535nam a2200193Ia 4500
005 20260415160335.0
008 008 250505s9999 xx 000 0 eng d
037 _aTextual
040 _aFEDL
_beng
_cFEDL
041 _aeng
_2eng
084 _a507 SCI
_qFEDL
245 0 _aTeaching of general science, 2 Parts
245 0 _cScience Masters' Association
260 _aLondon, UK
_bJohn Murray
_c1947
300 _av,49p.
490 _vPart 1
942 _cTEXL
_h507 SCI
999 _c1321860
_d1321860